| 000 | 02690nam0a2200421 4500 | ||
|---|---|---|---|
| 001 | RU\NLR\bibl\733712 | ||
| 005 | 20260407090330.0 | ||
| 021 |
_aRU _b2004-51724 _92544 |
||
| 035 | _aRSL-KNO-002464489 | ||
| 035 | _a(NLR Aleph) 000723649 | ||
| 090 |
_a718705 _c718705 |
||
| 100 | _a20040831d2004 |||y0rusy50 ca | ||
| 101 | 0 |
_arus _deng |
|
| 102 | _aRU | ||
| 105 | _aa ||||||||| | ||
| 106 | _ar | ||
| 200 | 1 |
_aСергей Андреевич Воробьев _fФедер. гос. образоват. учреждение высш. проф. образования "Моск. с.-х. акад. им. К.А. Тимирязева" (ФГОУ ВПО МСХА им. К.А. Тимирязева), Центр. науч. б-ка им. Н.И. Железнова _g[сост. Г.А. Макаренко _gред. кол.: чл.-корр РАСХ В.М. Баутин - пред. и др. _gвступ. ст. - В.М. Баутин и др.] |
|
| 210 |
_aМ. _cМСХА им. К. А. Тимирязева _d2004 _gТип. ФГНУ Росинформагротех |
||
| 215 |
_a67 с., [6] л. портр. _d20 |
||
| 225 | 1 | _aМатериалы к биобиблиографии деятелей сельскохозяйственной науки и аграрного образования | |
| 225 | 1 | _aУченые Тимирязевской академии | |
| 300 | _aРез. на англ. яз. | ||
| 320 | _aАлф. указ. тр.: с. 53-65 | ||
| 600 | 1 |
_aВоробьев _bС.А. _f1904 - 1992 _gСергей Андреевич _jБиобиблиография _92355025 _3RU\NLR\auth\661406731 |
|
| 610 | 0 | _aСельское и лесное хозяйство. Сельскохозяйственные и лесохозяйственные науки -- Общее растениеводство -- Воробьев Сергей Андреевич (р.1904) - агроном | |
| 686 |
_aП1д(2)Воробьев С.А. _2rubbk |
||
| 686 | _aП14д(2)Воробьев я15 | ||
| 702 | 1 |
_aМакаренко _bГ. А. _4220 |
|
| 702 | 1 |
_4340 _8rus _7ca _aБаутин _bМ. С. _cд-р экон. наук _f1948- _gВладимир Моисеевич _3RU\NLR\auth\7729134 _912163 |
|
| 712 | 0 | 2 |
_4570 _aМосковская сельскохозяйственная академия им. К. А. Тимирязева _bЦентральная научная библиотека им. Н. И. Железнова _3RU\NLR\AUTH\8810047808 _9595648 |
| 801 | 0 |
_aRU _bRuMoRKP _c20040831 _grcr |
|
| 801 | 1 |
_aRU _bRuMoRGB _c20040831 |
|
| 801 | 2 |
_aRU _bNLR _c20050310 _gPSBO |
|
| 830 | _aред. по базе | ||
| 942 | _cBOOK | ||
| 980 | _aNB | ||